| 000 | 00498nam a2200145Ia 4500 | ||
|---|---|---|---|
| 999 |
_c529087 _d529087 |
||
| 005 | 20190919131013.0 | ||
| 008 | 190125s9999 xx 000 0 und d | ||
| 040 | _cDLC | ||
| 082 |
_a297.63 _bHAI |
||
| 100 |
_aKiran Armstrong _920951 |
||
| 245 |
_aمحمدﷺ : پیغمبرِ ِاسلام کی سوانح حیات ۔۔۔۔۔۔۔۔۔۔۔۔۔۔۔ _hMuhammad (S.W) : Peghambar e Islama ke sawan e hayat |
||
| 260 |
_bFazli Book Super Market _aKarachi _c2012 |
||
| 300 | _a370,p. : | ||
| 942 |
_2ddc _cBK |
||